| 000 | 00553nam a2200193 4500 | ||
|---|---|---|---|
| 005 | 20241024104706.0 | ||
| 010 | _aENG-142390 | ||
| 020 |
_c290.00 _a9789391373863 |
||
| 035 | _aEN-125922 | ||
| 037 | _bDBAD | ||
| 082 | _a375 | ||
| 100 |
_aSengamalan, R. _973323 |
||
| 245 |
_aUnderstanding Disciplines and Subjects/ _bR. Sengamalan |
||
| 250 | _aFirst | ||
| 260 |
_bShanlax Publications _aMaurai _c2021 |
||
| 270 |
_aVasantha Nagar, Madurai _bTamil Nadu _e625003 |
||
| 300 |
_a245p. _c22cm(pb) |
||
| 942 |
_2ddc _cEN _h375 _mSEN _e2021 |
||
| 999 |
_c206667 _d206667 |
||